MDQL
is popping MORE tags! Check the
thread
!
Quizzes
Events
Quiz Creation
Community
Videos
Private Events
Remove Ads
Sign In
Join for FREE
Feedback
Dark Mode
Quiz Categories
Sports
Geography
Music
Movies
Television
Just For Fun
Miscellaneous
History
Literature
Language
Science
Gaming
Entertainment
Religion
Holiday
For Kids
Quiz Lab
Recent
Popular Today
Quiz Kudos Today
Editor Picks
Curator Picks
Quizzes by...
Day
Popularity
Type
Ratings
Length
Year
Community
Subscriptions
Recent Discussions
Orange Saloon
Badges
Playlists
Quests
Create
Leaderboards
Showdown
Live 5
Trivia Bingo
Activity
Puzzle Library
Sporcle Events
Private Events
Virtual Trivia
Globe League
Become a Host
Pub Owners
SporcleCon
Opinionation
Our Games
Videos
Blog
Mobile Apps
Partnerships
Remove Ads and Go Orange
Feedback
Literature
Harry Potter
A Song of Ice and Fire
The Hunger Games
Literary Character
Shakespeare
Book
Author
Novel
Poem
Young Adult
Children's Books
Play
Lord of the Rings
Literature
Harry Potter
A Song of Ice and Fire
The Hunger Games
Literary Character
Shakespeare
Book
Author
Novel
Poem
Young Adult
Children's Books
Play
Lord of the Rings
Random Quiz
Search Sporcle
×
Quiz Lab
Quiz Lab
Literature
Clickable
Select answers by clicking on text or image buttons
Select answers by clicking on text or image buttons
Clickable
Best Score? Go Orange.
Poetic Devices: Sounds of Words Stats
Can you pick the Poetic Devices: Sounds of Words?
By
reiford12
5m
6 Questions
208 Plays
208 Plays
208 Plays
Comments
Comments
Give Quiz Kudos
Give Quiz Kudos
-
- Ratings
hide this ad
Forced Order
Answers have to be entered in order
Answers have to be entered in order
Random Order
Randomize order of answers
Randomize order of answers
Replay
Link that replays current quiz
Next Quiz
Link to next quiz in quiz playlist
You Got
0%
They Got
Avg Score
69%
Avg Friend Score
Upgrade to see
Score Distribution
Jump to the score distribution portion of the page
Score
0/6
Timer
05:00
0
Plays Today
% Correct
Repetition
81.7%
Onomatopoeia
81.7%
Alliteration
66.8%
Rhyme
65.9%
Consonance
61.5%
Assonance
60.1%
Quiz Playlist
Details
Report
Send in Message
Add To Playlist
Clickable:
Select answers by clicking on text or image buttons
Forced Order:
Answers have to be entered in order
Random Order:
Randomize order of answers
Last Updated: Feb 16, 2017
Quiz Scoreboard
CHALLENGE
Sign Up to Join the Scoreboard
Show All
Scores
Hide
Comments
May contain spoilers
Recently Published
Find the 'City' Movie
by crazypaving
Movies
60s
5x2 Blitz: Bands
by SL_Kpop136
Music
30s
Colored Red Africa Blitz
by spor1
Geography
30s
More to Explore
Quiz From the Vault
Featured Blog Post
14 Easter Pick-up Lines to Find Eggs With
hide this ad
You Might Also Like...
Tags
Clickable Quiz
Device
sound
Today's Top Quizzes in Literature
Browse Literature
hide this ad
Today's Top Quizzes in Clickable
Browse Clickable
Top Contributed Quizzes in Literature
1
Sneaky Slytherin Logic Puzzle
2
One Thing in Common: Literature II
3
A Series of Unfortunate Events logic puzzle
4
Harry Potter Clickable Logic Puzzle #4
5
Multi-Category Minefield Blitz: Hunger Games
6
Harry Potter logic puzzle: Forensics Investigation
7
10-to-1 Game Of Thrones
8
10 Layers of Google Translate: Stephen King Books
9
Hunger Games Tributes Logic Puzzle
10
Characters With Most Lines in 'Catching Fire'
Explore More
Trending Topics
Disney
NBA
Crossword
Anime
Harry Potter
Kpop
Marvel
WWE
NFL
Song
Pokémon
Country
Soccer
Puzzle
The Office
hide this ad
More By:
reiford12
Quiz
Plays
Rating
Category
Featured
Created
Ultimate multiplication quiz
415
4.00
Just For Fun
Nov 28, 2015
Poetic Devices: Sounds of Words
208
5.00
Literature
Dec 18, 2016
Poetic Devices: Meaning of Words
109
3.00
Literature
Dec 18, 2016
Divisible fractions
37
4.50
Just For Fun
Nov 28, 2015
Go to Creator's Profile
Score Distribution
Quiz Creator Spotlight
reiford12
Follow
Send a Message
Quizzes Created
-
Created Quiz Play Count
-
More By This Creator
Popular Quizzes Today
1
Find the 'City' Movie
2
5x2 Blitz: Bands
3
Colored Red Africa Blitz
4
Find the US States - No Outlines Minefield
5
The Countries of the World
6
Find the US States
7
9x9 Crossword: Cartoon Network
8
US States
More Literature Quizzes
Not Only... But Also: Poets
Editor's Pick
Trending Quizzes
Colored Red Africa Blitz II
Colored Red Europe Blitz I
Colored Red Africa Blitz III
Colored Red Europe Blitz II
Colored Red Europe Blitz III
Recently Updated
Champions League XIs: Real Madrid
pecheneg
Largest US Cities 1790-2010
pecheneg
Rides in Walt Disney World
pecheneg
Most Oscar Losses (Acting)
pecheneg
Beyoncé Albums
pecheneg
Leaping Animals
pecheneg
Reality TV Shows (A-Z)
bhenderson79
Rickey Henderson's Hall of Fame Teammates
pecheneg
Champions League XIs: Arsenal
pecheneg
Quick Pick: Celebrities in WWE's Hall of Fame
aduchscher
Trending Topics
Marvel
Disney
Harry Potter
Kpop
Crossword
Anime
NBA
Song
Puzzle
WWE
Soccer
Pokémon
The Office
NFL
Country
Your Account Isn't Verified!
In order to create a playlist on Sporcle, you need to verify the email address you used during registration. Go to your
Sporcle Settings
to finish the process.
Report this User
Report this user for behavior that violates our
Community Guidelines
.
Details:
Send Report
Go to the Sporcle.com Mobile Site →
Comments